| 000 | 00812nam a2200193Ia 4500 | ||
|---|---|---|---|
| 003 | GCL | ||
| 008 | 140319s9999 xx 000 0 ara d | ||
| 040 |
_aGCL / _cGCL |
||
| 082 | 0 | 4 |
_a327.11 _bم ر |
| 100 | 1 | _aمركز البحوث والدراسات الكويتية | |
| 245 | 1 | 0 |
_aرد دولة الكويت على الادعاءات العراقية الواردة فى مذكرات وزير خارجية العراق المقدمة الى الامين العام للامم المتحدة بتاريخ 21 مايو 1992 / _cمركز البحوث والدراسات الكويتية |
| 300 | _a29 ص | ||
| 490 | _a | ||
| 650 | 0 | 4 | _aالكويت |
| 650 | 0 | 4 | _aالامم المتحدة |
| 650 | 0 | 4 | _aالاحتلال العراقى (1990 - 1991) |
| 650 | 0 | 4 | _aالكويت - تاريخ |
| 942 |
_2ddc _cBK |
||
| 999 |
_c41683 _d41683 |
||